| 000 | 01114cam a22002535a 4500 | ||
|---|---|---|---|
| 001 | L158304 | ||
| 008 | 090922s2013 xxk f 000 0 eng u | ||
| 020 | _a9781783210060 | ||
| 035 | _a(Sirsi) u158304 | ||
| 041 | 0 | _aeng | |
| 050 | 0 | 4 | _a380.1 $2 18 |
| 110 | 2 |
_aRoyal Institution of Chartered Surveyors _94900 |
|
| 245 | 0 | 0 |
_aAuctioneers selling real estate _c[old edition] |
| 250 | _a6th ed. | ||
| 260 |
_aLondon _bRICS _c2013 |
||
| 490 | 0 | _aRICS Guidance Note | |
| 520 | _aClarifies real estate auctioneers' professional responsibilities and provides advice on best practice before, during and after the auction. Also covers legal responsibilities, the auction catalogue and online marketing. Appendices include variations for Scottish auctions, Value Added Tax, sale of qualifying investments, and data protection. Further reading. | ||
| 520 | _aSupersedes fifth edition L148468 (ISBN 9781842154750). | ||
| 520 | _aSuperseded by seventh edition (ISBN 9781783211098) | ||
| 650 | 2 | 4 | _aReal Estate Agency Code |
| 651 | 4 |
_aEngland and Wales _y1543- |
|
| 690 |
_aAuctioneering _96218 |
||
| 942 |
_n0 _2ddc |
||
| 999 |
_c115255 _d115255 |
||